000 00563nam a22001817a 4500
003 UA-OsUOA
001 20017
007 ta
008 20041013b un ||||| |||| 00| 0 ukr d
100 _aРачок Д.
942 _cSA
040 _aUA-OsUOA
_cUA-OsUOA
_dUA-OsUOA
245 _aДуховний оберіг
_b[Історія Свято-Миколаївської церкви, що у м. Березне]
300 _aС.3
955 _a0
773 0 _w0
_tВісті Рівненщини
_dРівне
_d2004
_g№93/6 жовт./
650 7 _aІсторія
_2UDC
999 _c306190
_d306190